000 01312cam a22004094i 4500
003 PE-LiUPU
005 20250731173238.0
008 150625s r 000 0 d
035 _a(Sirsi) a35167
040 _aPE-LiUPU
_bspa
_cPE-LiUPU
_erda
082 0 4 _a241.2
_bM53
_221
100 1 _aMifsud, Tony,
_d1949-.
_eautor.
245 1 4 _aUna construccion etica de la utopia cristiana /
_cTony Mifsud.
264 1 _aSantiago :
_bPaulinas : CIDE,
_c[1992].
300 _a543 páginas ;
_b24 centímetros.
336 _atext
_2rdacontent
337 _aunmediated
_2rdamedia
338 _avolume
_2rdacarrier
526 _aSEG42
526 _aSEG41
526 _aSEG40
526 _aSEG39
526 _aP94
526 _aP87
526 _aP86
526 _aP85
526 _aP77
526 _aP76
526 _aP35
650 1 4 _aIglesia católica y problemas sociales.
910 _a
942 _2ddc
_cBOOK
949 _a241.2 M53
_wDEWEY
_c1
_i34973
_lCCODEBUL1
_mBUL
_p00.00
_r0
_sY
_tBOOK
_u2015-06-25
_xBIBLIOTECA
_zUNKNOWN
_0COMPRA
_o.STAFF. Colección General
596 _a1
999 _a241.2 M53
_wDEWEY
_c43104
_i34973
_f2021-11-11
_g5
_lCCODEBUL1
_mBUL
_r0
_sY
_tBOOK
_u2015-6-25
_xTEOLOGIA
_zUNKNOWN
_0COMPRA
_o.STAFF. Colección General
_d43104
980 _81
_gALBERTO SANCHEZ Responsable de Automatización